Quizzes
Events
Quiz Creation
Community
Videos
Private Events
Remove Ads
Sign In
Join for FREE
Feedback
Dark Mode
Quiz Categories
Sports
Geography
Music
Movies
Television
Just For Fun
Miscellaneous
History
Literature
Language
Science
Gaming
Entertainment
Religion
Holiday
For Kids
Quiz Lab
Recent
Popular Today
Quiz Kudos Today
Editor Picks
Curator Picks
Quizzes by...
Day
Popularity
Type
Ratings
Length
Year
Community
Subscriptions
Recent Discussions
Orange Saloon
Badges
Playlists
Quests
Create
Leaderboards
Showdown
Live 5
Trivia Bingo
Activity
Puzzle Library
Sporcle Events
Private Events
Virtual Trivia
Globe League
Become a Host
Pub Owners
SporcleCon
Opinionation
Our Games
Videos
Blog
Mobile Apps
Partnerships
Remove Ads and Go Orange
Feedback
Miscellaneous
Crossword
General Knowledge
Baby Names
Logo
Food
Cars
Numbers
Grab Bag
University
College
Popular
Company
Slogans
Restaurants
Justice
Letter
Miscellaneous
Crossword
General Knowledge
Baby Names
Logo
Food
Cars
Numbers
Grab Bag
University
College
Popular
Company
Slogans
Restaurants
Justice
Letter
Random Quiz
Search Sporcle
×
Quiz Lab
Quiz Lab
Miscellaneous
noah
Type in answers that appear in a list
Type in answers that appear in a list
Classic
Best Score? Go Orange.
Its Raining!! Watch out Noah Stats
Can you name the phrases that have the word rain (or sound-like 'rain')?
By
twentyoneoone
7m
20 Questions
138 Plays
138 Plays
138 Plays
Comments
Comments
Give Quiz Kudos
Give Quiz Kudos
-
- Ratings
hide this ad
Random Order
Randomize order of answers
Randomize order of answers
Replay
Link that replays current quiz
Next Quiz
Link to next quiz in quiz playlist
You Got
0%
They Got
Avg Score
41%
Avg Friend Score
Upgrade to see
Score Distribution
Jump to the score distribution portion of the page
Score
0/20
Timer
07:00
0
Plays Today
rain
% Correct
ROYGBIV
Rainbow
79%
Best Picture, Tom Cruise, 1988
Rain man
76.8%
Indian Tribal routine
The rain dance
68.1%
Duration of a leader
reign
68.1%
Contains half the worlds living species
Rain forest
61.6%
Usable at a later date
Raincheck
59.4%
Movies, arts and crafts, board games, snuggle up
rainy day
59.4%
Slicker
Raincoat
52.2%
Gene Kelly, Donald O'Conner, 1952
Singing in the rain
47.1%
Nursery Rhyme
Its raining its pouring
47.1%
rain
% Correct
These are a few of my favorite things
raindrops on roses
39.9%
The Weather Girls (1982)
It's raining men
37.7%
Common idiom
Raining cats and dogs
26.8%
Musical instrument
Rain stick
26.8%
Law firm, Insurance, Matt Damon, Danny DeVito 1997
Rainmaker
25.4%
9/
11, Roommate, Adam Sandler, 2007
Reign over me
15.9%
Hilary Duff, Come Clean (chorus)
Let the rain fall down
15.9%
Environmental water recycler
rain barrel
13%
8 or 9 depending on the weather
reindeer
5.8%
ah-
ah-
ahah-
ahahah-
ahahah
If all the raindrops
3.6%
Quiz Playlist
Details
Report
Send in Message
Add To Playlist
Classic:
Type in answers that appear in a list
Random Order:
Randomize order of answers
Last Updated: Feb 16, 2017
Quiz Scoreboard
CHALLENGE
Sign Up to Join the Scoreboard
Show All
Scores
Hide
Comments
May contain spoilers
Recently Published
1-10 Letter E Words III
by El_Dandy
Language
2m
One Thing in Common: World Cities II
by knightlancer
Geography
7m
Popular People in 1961
by mucciniale
History
6m
More to Explore
Quiz From the Vault
Featured Blog Post
Where Did the Easter Bunny Come From?
hide this ad
You Might Also Like...
Tags
noah
phrase
rain
sound
Watch
Today's Top Quizzes in Miscellaneous
Browse Miscellaneous
hide this ad
Today's Top Quizzes in noah
Browse noah
Top Contributed Quizzes in Miscellaneous
1
The JOE quick-fire general knowledge quiz: Day 173
2
The JOE quick-fire general knowledge quiz: Day 172
3
Sunday Crossword: Famous Bodies of Water
4
sort kpop groups by number of members
5
Named After an Animal - Odd One Out!
6
One Thing in Common: United Kingdom II
7
Lays Potato Chip Flavour Contest Finalists
8
The JOE quick-fire general knowledge quiz: Day 171
9
The JOE quick-fire quiz: Day 170
10
Parts Of A Small Engine
Explore More
Trending Topics
Anime
Disney
Crossword
Kpop
NBA
Marvel
Harry Potter
The Office
WWE
Soccer
Song
Puzzle
Country
Pokémon
NFL
hide this ad
More By:
twentyoneoone
Quiz
Plays
Rating
Category
Featured
Created
The S game
1,045
1.73
Miscellaneous
Oct 23, 2009
Manly men
227
2.00
Miscellaneous
Nov 13, 2009
Black and White
176
1.33
Miscellaneous
Oct 31, 2009
Its Raining!! Watch out Noah
138
2.00
Miscellaneous
Oct 24, 2009
Go to Creator's Profile
Score Distribution
Quiz Creator Spotlight
twentyoneoone
Follow
Send a Message
Quizzes Created
-
Created Quiz Play Count
-
More By This Creator
Popular Quizzes Today
1
Find the US States - No Outlines Minefield
2
The Countries of the World
3
Popular People in 1961
4
Find the Countries of Europe - No Outlines Minefield
5
1-10 Letter E Words III
6
Find the US States
7
One Thing in Common: World Cities II
8
US States
More Miscellaneous Quizzes
Sporcle Acrostic Puzzle XXXIV
Quiz Lab
Trending Quizzes
1-10 Letter F Words
One Thing in Common: Music
1-10 Letter G Words
Risky Map Clicking: Next State Alphabetically
1-10 Letter F Words II
Recently Updated
Leaping Animals
pecheneg
Reality TV Shows (A-Z)
bhenderson79
Rickey Henderson's Hall of Fame Teammates
pecheneg
Champions League XIs: Arsenal
pecheneg
Quick Pick: Celebrities in WWE's Hall of Fame
aduchscher
A-Z Keypad Blitz II
pecheneg
Multiple Oscar Actors
pecheneg
Mystery Phrase Blitz: Oscar 'Best Actors'
pecheneg
F. Scott Fitzgerald Novels
LTH
Pick 3 Villains
ddd62291
Trending Topics
Disney
Marvel
Kpop
Harry Potter
Anime
NBA
Crossword
Pokémon
WWE
Country
The Office
NFL
Puzzle
Song
Soccer
Your Account Isn't Verified!
In order to create a playlist on Sporcle, you need to verify the email address you used during registration. Go to your
Sporcle Settings
to finish the process.
Report this User
Report this user for behavior that violates our
Community Guidelines
.
Details:
Send Report
Go to the Sporcle.com Mobile Site →
Comments